Представление документа в формате RUSMARC

ПолеНазваниеЗначение
  Тип записи a
  Библиографический уровень c
001 Контрольный номер RU/SLIB/B/208734174
005 Дата корректировки 20231219111928.4
010 Индекс ISBN __
d Цена 0-60
100 Данные общей обработки __
a Данные общей обработки 20220125d1988 m y0rusy028902 ca
101 Язык документа 0_
a Язык текста rus
102 Страна публикации __
a Страна публикации RU
105 Кодированные данные (монография) __
a Кодированные данные (монография) a z 000yy
181 Поле кодированных данных: вид содержания _0
a Код вида содержания (ISBD) i
182 Поле кодированных данных: тип средства _0
a Код типа средства (ISBD) n
200 Заглавие и сведения об ответственности 1_
a Заглавие Ромашки на броне
e Сведения, относящиеся к заглавию 70-летию Советской Армии : сб. очерков
f Первые сведения об ответственности сост. Ю. Ф. Зубарев
b Общее обозначение материала Текст
210 Выходные данные 1_
a Место издания Свердловск
c Издательство Сред.-Урал. кн. изд-во
d Дата издания 1988
215 Физическое описание __
a Объем 272 с., [4] л. ил.
606 Тематические рубрики __
a Основная рубрика Военное дело
2 Код системы nlr_sh
606 Тематические рубрики __
2 Код системы nlr_sh
a Основная рубрика Вооруженные силы СССР и России
y Географическая подрубрика СССР; Россия
610 Ключевые слова 0_
a Ключевые слова армия; Советская Армия; призывники; защитники Отечества
686 Индексы других классификаций __
a Классификационный индекс 68.41(2); ст68.4(2)
2 Код системы rubbks
702 Вторичная интеллектуальная ответственность _1
a Фамилия Зубарев
b Имя Ю. Ф.
4 Код отношения 220
801 Источник записи _0
a Страна RU
b Организация Муниципальное бюджетное учреждение культуры "Централизованная библиотечная система" г. Сургут (Центральная городская библиотека им. А. С. Пушкина)
g Правила каталогизации PSBO
801 Источник записи _1
a Страна RU
b Организация Муниципальное бюджетное учреждение культуры "Централизованная библиотечная система" г. Сургут (Центральная городская библиотека им. А. С. Пушкина)
g Правила каталогизации PSBO
852 Данные о местонахождении __
j Шифр хранения 68.41(2)
c Каталожный индекс 68.49(2)
i Авторский знак Р 69
p Инвентарный номер 34194
901 Тип документа __
t Тип документа x
a Ответственный КиК/Уланова
901 Тип документа __
a Ответственный СКБР2024
903 Характеристики (МАРС) __
c Наименование библиотеки (МАРС) Муниципальное бюджетное учреждение культуры "Централизованная библиотечная система" г. Сургут (Центральная городская библиотека им. А. С. Пушкина)
969 Тип издания __
a Тип издания сборник
990 Данные о заказе (DOS) __
j Количество экземпляров (DOS) 3